000
00327nam a22001457a 4500
008
230124b ||||| |||| 00| 0 eng d
020
_a
9781457681578
041
_a
eng
080
_a
159.9
082
_a
159.9KIR
100
_a
25
101
_a
PSI
245
_a
FOCUS ON READING AND WRITING
_c
KIRSZNER G L
942
_2
udc
_c
BK
999
_c
59255
_d
59255